Retrato del artista adolescente
Saved in:
| 主要作者: | |
|---|---|
| 格式: | 圖書 |
| 語言: | 西班牙语 |
| 出版: |
Buenos Aires
Santiago Rueda
1956
|
| 主題: | |
| 標簽: |
添加標簽
沒有標簽, 成為第一個標記此記錄!
|
MARC
| LEADER | 00000cam a2200000 a 4500 | ||
|---|---|---|---|
| 001 | UCV8237 | ||
| 003 | CL-VaPUC | ||
| 008 | 901123e19560000AG |||||||||||||||||spa|d | ||
| 082 | 0 | 4 | |a 823 |b JOY |2 21 |
| 100 | |a Joyce, James Augustine |e author |9 498658 | ||
| 245 | 1 | 0 | |a Retrato del artista adolescente |
| 300 | |a 262 p | ||
| 942 | |c BK | ||
| 945 | |d 19901123 00:00:00 | ||
| 260 | |a Buenos Aires |b Santiago Rueda |c 1956 | ||
| 650 | 0 | |a Novelas irlandesas |9 266298 | |
| 583 | |a last modification |c 20150601 01:00:12 |k Rodrigo Vera | ||
| 999 | |c 213783 |d 213781 | ||
| 952 | |0 0 |1 0 |4 0 |6 823_000000000000000_JOY_1956 |7 0 |8 P |9 196506 |a BIBARQ |b BIBARQ |d 2019-11-14 |i 2643960 |o 823 JOY 1956 |p 2643960 |r 2025-01-20 |w 2019-11-14 |y BK |k ARQ | ||
| 952 | |0 0 |1 0 |3 erd |4 0 |6 823_000000000000000_JOY_1956 |7 0 |8 A |9 196507 |a BIBEDU |b BIBEDU |e Villagrán Garnham, Jorge |i 5177529 |o 823 JOY 1956 |p 5177529 |r 2019-11-14 |w 2019-11-14 |y BK |z Catalogado en:20150605 |k LIT | ||